<?xml version="1.0" encoding="UTF-8"?>
<marc:record xmlns:marc="http://www.loc.gov/MARC21/slim">
   <marc:leader>00000nam a2200000 a 4500</marc:leader>
   <marc:datafield ind1="1" ind2=" " tag="100">
      <marc:subfield code="a">Hitz, Harald Dr.</marc:subfield>
      <marc:subfield code="4">aut</marc:subfield>
      <marc:subfield code="e">Verfasser/-in</marc:subfield>
   </marc:datafield>
   <marc:datafield ind1="0" ind2="0" tag="245">
      <marc:subfield code="a">Waldviertler Biographien</marc:subfield>
   </marc:datafield>
   <marc:datafield ind1=" " ind2="1" tag="264">
      <marc:subfield code="b">Waldviertler Heimatbund</marc:subfield>
      <marc:subfield code="c">2015</marc:subfield>
   </marc:datafield>
   <marc:datafield ind1="1" ind2=" " tag="490">
      <marc:subfield code="a">Waldviertler Biographien</marc:subfield>
   </marc:datafield>
   <marc:datafield ind1="1" ind2=" " tag="520">
      <marc:subfield code="a">Hadmar II. von Kuenring; Abraham Pfändler von Loschberg; Bartholomäus Lucas; Leopold Pau(e)r; Maximilian Joseph Zacharias Leeb; Mathias David Feldmüller; Franz Haunsteiner; Heinrich Hackl Senior; Carl Anton Stölzle; Anton Schwarz; Dominik Eckl; Friedrich Dwirka; Angela Stifft-Gottlieb; Stephan Biedermann; Imma von Bodmershof; Theodor Cerny; Leopold Schmid; Josef Zimmerl; Anna Steiner; Franz Fux; Gerhard Linder; Willi Engelmayer; Walter Winkler; Adolf Kastner; Christiane Singer.</marc:subfield>
   </marc:datafield>
   <marc:datafield ind1=" " ind2=" " tag="020">
      <marc:subfield code="a">9783900708313</marc:subfield>
      <marc:subfield code="9">9783900708313</marc:subfield>
   </marc:datafield>
</marc:record>
